| 000 | 00851nam a2200241 a 4500 | ||
|---|---|---|---|
| 001 | 21466 | ||
| 003 | CO-ViMGA | ||
| 008 | 141112s2004 ck r 000 u spa d | ||
| 020 | _a958709381X | ||
| 040 |
_aCO-ViMGA _bspa _cCO-ViMGA |
||
| 082 | 0 | 4 | _a070.449 A484t |
| 100 | 1 |
_aAguirre Zimerman, Natalia _930664 |
|
| 245 | 1 | 0 | _a300 días en Afganistán |
| 260 |
_aBarcelona : _bAnagrama, _c2006 |
||
| 300 | _a184 | ||
| 490 | _aCrónicas; 74 | ||
| 500 | _aPremio Nacional de Periodismo Simón Bolívar, 2004. | ||
| 590 | _aForma de adquisición : Donación fact. 8847 - - Precio : 35000 - - Proveedor : Fundación exito - - Fecha de adquisición : Junio 2007 | ||
| 650 | 1 | 4 |
_aAFGANISTAN - CONDICIONES SOCIALES _930665 |
| 650 | 1 | 4 |
_aAFGANISTAN - VIDA SOCIAL Y COSTUMBRES _930666 |
| 650 | 1 | 4 |
_aCRONICA PERIODISTICA - COLOMBIA _924490 |
| 942 |
_2ddc _cBK |
||
| 999 |
_c30071 _d30071 |
||